5HLuxD.jpg

KING HENRY VIII SENIOR AND PRIMARY SCHOOL LIBRARY OPAC

The weird book machine / (Record no. 3376)

000 -LEADER
fixed length control field 01067nam a22002777a 4500
005 - DATE AND TIME OF LATEST TRANSACTION
control field 20231127114959.0
008 - FIXED-LENGTH DATA ELEMENTS--GENERAL INFORMATION
fixed length control field 231127b ||||| |||| 00| 0 eng d
020 ## - INTERNATIONAL STANDARD BOOK NUMBER
International Standard Book Number 9781597072960
040 ## - CATALOGING SOURCE
Transcribing agency KH8
082 ## - DEWEY DECIMAL CLASSIFICATION NUMBER
Classification number 741.5 STI
100 ## - MAIN ENTRY--PERSONAL NAME
Personal name Stilton, Geronimo
Relator term Author
245 ## - TITLE STATEMENT
Title The weird book machine /
Statement of responsibility, etc. Geronimo Stilton
260 ## - PUBLICATION, DISTRIBUTION, ETC.
Place of publication, distribution, etc. New York,
Name of publisher, distributor, etc. Papercutz,
Date of publication, distribution, etc. [2012]
300 ## - PHYSICAL DESCRIPTION
Extent 1 volume :
Other physical details chiefly color illustrations ;
Dimensions 23 cm.
440 ## - SERIES STATEMENT/ADDED ENTRY--TITLE
Title Geronimo Stilton graphic novel
Volume/sequential designation 9
500 ## - GENERAL NOTE
General note <br/>"Based on an original idea by Elisabetta Dami."--Title page verso
520 ## - SUMMARY, ETC.
Summary, etc. Geronimo, Benjamin, Trap, Petunia, and Bugsy Wugsy, go back in time to Germany in the 1400s to stop the pirate cats from sabotaging the workshop of Gutenberg
546 ## - LANGUAGE NOTE
Language note Translated from the Italian
650 ## - SUBJECT ADDED ENTRY--TOPICAL TERM
Topical term or geographic name entry element Children's fiction
650 ## - SUBJECT ADDED ENTRY--TOPICAL TERM
Topical term or geographic name entry element Children's stories
Form subdivision Comic books
General subdivision strips
650 ## - SUBJECT ADDED ENTRY--TOPICAL TERM
Topical term or geographic name entry element Fiction
700 ## - ADDED ENTRY--PERSONAL NAME
Personal name McGuinness, Nanette
Relator term Translator
700 ## - ADDED ENTRY--PERSONAL NAME
Personal name Bufi, Ennio,
Dates associated with a name 1976-;
Relator term Illustrator
700 ## - ADDED ENTRY--PERSONAL NAME
Personal name Andolfo, Mirka
Relator term Illustrator
942 ## - ADDED ENTRY ELEMENTS (KOHA)
Source of classification or shelving scheme
Koha item type Books - Fiction
Holdings
Withdrawn status Lost status Source of classification or shelving scheme Damaged status Not for loan Collection code Permanent Location Current Location Shelving location Date acquired Total Checkouts Full call number Barcode Date due Date last seen Date last checked out Price effective from Koha item type
          Fiction KH8 Primary School Library KH8 Primary School Library Non Fiction 2023-11-27 10 741.5 STI KHPL000004361 2025-02-21 2025-02-21 2025-02-21 2023-11-27 Books - Fiction

Powered By KH8 IT Dept